Demystifying mixed-signal test methods / (Record no. 9449)

MARC details
000 -LEADER
fixed length control field 01376cam a22003614a 4500
001 - CONTROL NUMBER
control field 13087139
003 - CONTROL NUMBER IDENTIFIER
control field OSt
005 - DATE AND TIME OF LATEST TRANSACTION
control field 20241017105703.0
008 - FIXED-LENGTH DATA ELEMENTS--GENERAL INFORMATION
fixed length control field 030210s2003 ne a 001 0 eng
010 ## - LIBRARY OF CONGRESS CONTROL NUMBER
LC control number 2003041860
020 ## - INTERNATIONAL STANDARD BOOK NUMBER
International Standard Book Number 0750676167 (pbk. : alk. paper)
035 ## - SYSTEM CONTROL NUMBER
System control number (OCoLC)ocm51756099
040 ## - CATALOGING SOURCE
Original cataloging agency DLC
Transcribing agency must
Modifying agency C#P
-- DLC
042 ## - AUTHENTICATION CODE
Authentication code pcc
050 00 - LIBRARY OF CONGRESS CALL NUMBER
Classification number TK7895.A8
Item number B34 2003
082 00 - DEWEY DECIMAL CLASSIFICATION NUMBER
Classification number 621.3815 BAK 2003
Edition number 21
100 1# - MAIN ENTRY--PERSONAL NAME
Personal name Baker, Mark.
9 (RLIN) 19272
245 10 - TITLE STATEMENT
Title Demystifying mixed-signal test methods /
Statement of responsibility, etc. Mark Baker.
260 ## - PUBLICATION, DISTRIBUTION, ETC. (IMPRINT)
Place of publication, distribution, etc. Amsterdam ;
-- Boston :
Name of publisher, distributor, etc. Newnes,
Date of publication, distribution, etc. c2003.
300 ## - PHYSICAL DESCRIPTION
Extent xii, 279 p. :
Other physical details ill. ;
Dimensions 24 cm.
490 1# - SERIES STATEMENT
Series statement Demystifying technology series
500 ## - GENERAL NOTE
General note Includes index.
650 #0 - SUBJECT ADDED ENTRY--TOPICAL TERM
Topical term or geographic name as entry element Automatic test equipment.
9 (RLIN) 19273
650 #0 - SUBJECT ADDED ENTRY--TOPICAL TERM
Topical term or geographic name as entry element Electronic apparatus and appliances
General subdivision Testing.
9 (RLIN) 19274
650 #0 - SUBJECT ADDED ENTRY--TOPICAL TERM
Topical term or geographic name as entry element Mixed signal circuits.
9 (RLIN) 19275
650 #0 - SUBJECT ADDED ENTRY--TOPICAL TERM
Topical term or geographic name as entry element Signal generators.
9 (RLIN) 19276
830 #0 - SERIES ADDED ENTRY--UNIFORM TITLE
Uniform title Demystifying technology series (Amsterdam, Netherlands)
9 (RLIN) 19277
856 41 - ELECTRONIC LOCATION AND ACCESS
Materials specified Table of contents
Uniform Resource Identifier <a href="http://www.loc.gov/catdir/toc/els051/2003041860.html">http://www.loc.gov/catdir/toc/els051/2003041860.html</a>
856 42 - ELECTRONIC LOCATION AND ACCESS
Materials specified Publisher description
Uniform Resource Identifier <a href="http://www.loc.gov/catdir/description/els051/2003041860.html">http://www.loc.gov/catdir/description/els051/2003041860.html</a>
906 ## - LOCAL DATA ELEMENT F, LDF (RLIN)
a 7
b cbc
c orignew
d 1
e ocip
f 20
g y-gencatlg
942 ## - ADDED ENTRY ELEMENTS (KOHA)
Source of classification or shelving scheme Dewey Decimal Classification
Koha item type Book Bank
Holdings
Withdrawn status Lost status Source of classification or shelving scheme Damaged status Not for loan Home library Current library Date acquired Source of acquisition Inventory number Total Checkouts Full call number Barcode Date last seen Price effective from Koha item type
    Dewey Decimal Classification     MUST Main Library MUST Main Library 17/10/2024 donation 10/32403   621.3815 BAK 2003 2024-22510 17/10/2024 17/10/2024 Book Bank